MARC details
| 000 -CABECERA |
| campo de control de longitud fija |
04628nam a2200397 a 4500 |
| 003 - IDENTIFICADOR DEL NÚMERO DE CONTROL |
| campo de control |
CHAP |
| 005 - FECHA Y HORA DE LA ÚLTIMA TRANSACCIÓN |
| campo de control |
20250707171612.0 |
| 007 - CAMPO FIJO DE DESCRIPCIÓN FÍSICA--INFORMACIÓN GENERAL |
| campo de control de longitud fija |
ta |
| 008 - DATOS DE LONGITUD FIJA--INFORMACIÓN GENERAL |
| campo de control de longitud fija |
250111s2023 mx ado|fom||| 001 0 spa d |
| 040 ## - FUENTE DE LA CATALOGACIÓN |
| Normas de descripción |
rda |
| 041 ## - CÓDIGO DE LENGUA |
| Código de lengua del texto/banda sonora o título independiente |
spa |
| Código de lengua del sumario o resumen |
eng |
| 100 1# - ENTRADA PRINCIPAL--NOMBRE DE PERSONA |
| Nombre de persona |
Galindo Berdugo, Jeniffer Catherine |
| 9 (RLIN) |
189828 |
| 240 10 - TÍTULO UNIFORME |
| Título uniforme |
Methane production of pig manure in codigestion with sargassum and use of nanoparticles. |
| Lenguaje de la obra |
Español |
| 245 10 - MENCIÓN DE TÍTULO |
| Título |
Producción de metano de estiércol de cerdo en codigestión con sargazo y usos de nanoparticulas / |
| Mención de responsabilidad, etc. |
Jeniffer Catherine Galindo Berdugo |
| 264 ## - PRODUCCIÓN, PUBLICACIÓN, DISTRIBUCIÓN, FABRICACIÓN Y COPYRIGHT |
| Producción, publicación, distribución, fabricación y copyright |
Chapingo, México : |
| Nombre del de productor, editor, distribuidor, fabricante |
El autor, |
| Fecha de producción, publicación, distribución, fabricación o copyright |
2023 |
| 300 ## - DESCRIPCIÓN FÍSICA |
| Extensión |
1 recurso en línea (xi, 74 páginas) : |
| Otras características físicas |
ilustraciones, tablas, gráficas, fotografías |
| 336 ## - TIPO DE CONTENIDO |
| Fuente |
rdacontent |
| Término de tipo de contenido |
texto |
| Código de tipo de contenido |
txt |
| 337 ## - TIPO DE MEDIO |
| Fuente |
rdamedia |
| Nombre/término del tipo de medio |
computadora |
| Código del tipo de medio |
c |
| 338 ## - TIPO DE SOPORTE |
| Fuente |
rdacarrier |
| Nombre/término del tipo de soporte |
recurso en línea |
| Código del tipo de soporte |
cr |
| 502 ## - NOTA DE TESIS |
| Nota de tesis |
Tesis |
| Tipo de título |
(Maestro en Ciencia y Tecnología Agroalimentaria) -- |
| Nombre de la institución que otorga el título |
Departamento de Ingeniería Agroindustrial, |
| Año de obtención del título |
2023 |
| Información miscelánea |
Maestría |
| 504 ## - NOTA DE BIBLIOGRAFÍA, ETC. |
| Nota de bibliografía, etc. |
Incluye bibliografías |
| 520 3# - SUMARIO, ETC. |
| Sumario, etc. |
La Península de Yucatán es el sumidero de carbono más importante de México y el reservorio de agua subterránea más importante del mundo. Sin embargo, la eliminación inadecuada del estiércol de las granjas porcinas industriales y la llegada masiva de Sargassum spp. a las costas amenazan estos servicios ecosistémicos. Mediante la digestión anaerobia (DA), estos residuos pueden convertirse en energía renovable. A pesar de ello, la producción de biogás a partir de biomasa algal produce bajos rendimientos de metano. Para mejorar la eficiencia del sistema de digestión anaerobia, se ha considerado útil la adición de materiales conductores como las nanopartículas de magnetita. Por lo cual este estudio investigó la codigestión anaerobia de sargazo (S) y estiércol de cerdo (PM). Así como la adición de 20 mg∙L -1 de nanopartículas (NPs) de magnetita (Fe3O4) sintetizadas por coprecipitación. Se evaluaron seis tratamientos diferentes a nivel de microcosmos (0S-100 PM, 15S-85 PM, 30S-70 PM, 50S-50 PM, 65S-35 PM, 100S:0PM) para elucidar su influencia sobre el potencial bioquímico de metano (PBM). En consecuencia, de la adición de nanopartículas de magnetita, el mayor rendimiento acumulado de metano se obtuvo con el tratamiento 30S-70PM (369.1 ± 6.9 mL CH4∙gsva -1 ), seguido de 50S-50PM (365.0 ± 7.2 mL CH4∙ gsva - 1 ). Demostrando que la adición de 20 mg∙L-1 de NPs de Fe3O4 promovió la producción de metano en el tratamiento 30S-70PM en un 233.7% y un 85.0% en comparación con el control de sargazo y estiércol de cerdo, respectivamente. -- |
| 520 3# - SUMARIO, ETC. |
| Sumario, etc. |
The Yucatan Peninsula is the most important carbon sink in Mexico and groundwater reservoir in the world. However, the improper disposal of pig manure from industrial pig farms and the massive arrival of Sargassum spp. on the coasts threaten these ecosystem services. By using anaerobic digestion (AD), these wastes can be converted into renewable energy. Despite this, biogas production from algal biomass produces low methane yields. To improve the efficiency of anaerobic digestion, conductive materials such as magnetite nanoparticles have been considered useful. Therefore, this study investigated the anaerobic co-digestion of sargassum (S) and pig manure (PM). As well as the addition of 20 mg∙L-1 magnetite nanoparticles (Fe3O4) synthesized by co-precipitation. Six different treatments at the microcosm level (0S-100 PM, 15S-85 PM, 30S-70 PM, 50S-50 PM, 65S-35 PM, 100S:0PM) were evaluated to elucidate their influence on biochemical methane potential (BMP). Consequently, from the addition of magnetite nanoparticles, the highest cumulative methane yield was obtained with the treatment 30S-70PM n(369.1 ± 6.9 mL CH4∙gvsf-1) followed by 50S-50PM (365.0 ± 7.2 mL CH4∙gvsf1). Demonstrating that the addition of 20 mg∙L-1 Fe3O4 NPs promoted the production of methane on treatment 30S-70PM by 233.7% and 85.0% compared to the control of sargassum and pig manure, respectively. |
| 650 13 - PUNTO DE ACCESO ADICIONAL DE MATERIA--TÉRMINO DE MATERIA |
| Término de materia o nombre geográfico como elemento de entrada |
Sargassum |
| Fuente del encabezamiento o término |
atg |
| 9 (RLIN) |
188287 |
| 650 13 - PUNTO DE ACCESO ADICIONAL DE MATERIA--TÉRMINO DE MATERIA |
| Término de materia o nombre geográfico como elemento de entrada |
Estiércol de cerdo |
| Fuente del encabezamiento o término |
atg |
| 9 (RLIN) |
38323 |
| 650 13 - PUNTO DE ACCESO ADICIONAL DE MATERIA--TÉRMINO DE MATERIA |
| Término de materia o nombre geográfico como elemento de entrada |
Metano |
| Fuente del encabezamiento o término |
atg |
| 9 (RLIN) |
160412 |
| 650 13 - PUNTO DE ACCESO ADICIONAL DE MATERIA--TÉRMINO DE MATERIA |
| Término de materia o nombre geográfico como elemento de entrada |
Digestión anaeróbica |
| Fuente del encabezamiento o término |
atg |
| 9 (RLIN) |
134402 |
| 650 13 - PUNTO DE ACCESO ADICIONAL DE MATERIA--TÉRMINO DE MATERIA |
| Término de materia o nombre geográfico como elemento de entrada |
Pig manure |
| Fuente del encabezamiento o término |
atg |
| 9 (RLIN) |
188288 |
| 650 13 - PUNTO DE ACCESO ADICIONAL DE MATERIA--TÉRMINO DE MATERIA |
| Término de materia o nombre geográfico como elemento de entrada |
Methane |
| Fuente del encabezamiento o término |
atg |
| 9 (RLIN) |
160413 |
| 650 13 - PUNTO DE ACCESO ADICIONAL DE MATERIA--TÉRMINO DE MATERIA |
| Término de materia o nombre geográfico como elemento de entrada |
Anaerobic digestion |
| Fuente del encabezamiento o término |
atg |
| 9 (RLIN) |
154964 |
| 700 1# - PUNTO DE ACCESO ADICIONAL--NOMBRE DE PERSONA |
| Nombre de persona |
Espinosa Solares, Teodoro |
| 9 (RLIN) |
153069 |
| Término indicativo de función/relación |
director |
| 700 1# - PUNTO DE ACCESO ADICIONAL--NOMBRE DE PERSONA |
| Nombre de persona |
Hernández Eugenio, Guadalupe |
| 9 (RLIN) |
147931 |
| Término indicativo de función/relación |
asesor |
| 700 1# - PUNTO DE ACCESO ADICIONAL--NOMBRE DE PERSONA |
| Nombre de persona |
Ochoa Bernal, Thalia Guadalupe |
| 9 (RLIN) |
189829 |
| Término indicativo de función/relación |
asesora |
| 856 40 - LOCALIZACIÓN Y ACCESO ELECTRÓNICOS |
| Identificador Uniforme del Recurso |
http://10.13.5.2/tesis/tm/GALINDO_BERDUGO_JENIFFER_CATHERINE.pdf |
| Texto de enlace |
DESCARGAR PDF |
| 942 ## - ELEMENTOS DE PUNTO DE ACCESO ADICIONAL (KOHA) |
| Fuente del sistema de clasificación o colocación |
Clasificación Universidad Autónoma Chapingo |
| Tipo de ítem Koha |
Tesis digital |